000 00872nam a22002777a 4500
003 CHAP
005 20220329140501.0
008 971013s1951 r 00010 d
010 _a52633
011 _a53605
035 _a57755
040 _cCHAP
082 _a615.1
_bW67Y
100 0 0 _aWork, Thomas S.
_9122612
245 _aQuimioterapia y sus bases actuales, fundamentos terapéuticos, bioquímicos y microbiológicos
260 _aMadrid :
_bAguilar,
_c1951
300 _a416 p.
590 _aBATCH-UPD
_b10
_c20130110
_lUCH01
_h0826
590 _aCONVERSION
_b10
_c20130109
_lUCH01
_h1328
650 1 4 _aQuimioterapia.
_993326
700 0 _aWork, Elizabeth.
_9122609
901 _aBK
942 _cLIBRO
949 _a615.1 W67Y
_bBC
_cLIBRO
_d33724000279774
_eLIBRO
_h18376
_i57755
_si
949 _a615.1 W67Y
_bBC
_cLIBRO
_d33724000866653
_eLIBRO
_fc.2
_h18377
_i57755
_si
999 _c52633
_d52633